Guide to North American philosophy (Record no. 130474)
[ view plain ]
| 000 -LEADER | |
|---|---|
| fixed length control field | 00370nam a22001337a 4500 |
| 008 - FIXED-LENGTH DATA ELEMENTS--GENERAL INFORMATION | |
| fixed length control field | 200519b ||||| |||| 00| 0 eng d |
| 050 ## - LIBRARY OF CONGRESS CALL NUMBER | |
| Classification number | SPC. HS3. N6 |
| 100 ## - MAIN ENTRY--PERSONAL NAME | |
| Personal name | John R. Stacer |
| 9 (RLIN) | 49788 |
| 245 ## - TITLE STATEMENT | |
| Title | Guide to North American philosophy |
| Statement of responsibility, etc | John R. Stacer |
| 300 ## - PHYSICAL DESCRIPTION | |
| Extent | 21p. ; |
| Dimensions | 31cm. |
| 500 ## - GENERAL NOTE | |
| General note | Class notes |
| 650 ## - SUBJECT ADDED ENTRY--TOPICAL TERM | |
| Topical term or geographic name as entry element | Philosophy, American |
| 9 (RLIN) | 2039 |
| 942 ## - ADDED ENTRY ELEMENTS (KOHA) | |
| Source of classification or shelving scheme | Library of Congress Classification |
| Item type | SPC |
| Withdrawn status | Lost status | Source of classification or shelving scheme | Damaged status | Not for loan | Collection code | Home library | Current library | Shelving location | Date acquired | Total Checkouts | Full call number | Barcode | Date last seen | Price effective from | Koha item type |
|---|---|---|---|---|---|---|---|---|---|---|---|---|---|---|---|
| Library of Congress Classification | SPECIAL Collection | ARRUPE LIBRARY | ARRUPE LIBRARY | REFERENCE | 19/05/2020 | SPC. HS3. N6 | 46600007296 | 19/05/2020 | 19/05/2020 | SPC |